[Event "Colombo Mercantile op 11th"]
[Site "Colombo"]
[Date "2023.04.29"]
[Round "2"]
[White "Dickmadugodage, Ravi Prabath"]
[Black "Vithanage, Chamin"]
[Result "1-0"]
[WhiteElo "1845"]
[BlackElo "1377"]
[PlyCount "49"]
[EventDate "2023.04.28"]
[EventType "swiss"]
[EventRounds "7"]
[EventCountry "SRI"]
[SourceTitle "CBM 214 Extra"]
[Source "ChessBase"]
[SourceDate "2023.07.31"]
[SourceVersion "1"]
[SourceVersionDate "2023.07.31"]
[SourceQuality "1"]

1. d4 d5 2. Nc3 Nf6 3. Bf4 e6 4. Nb5 Na6 5. e3 c6 6. Nc3 Nc7 7. Nf3 Nh5 8. Be5 f6 9. Bxc7 Qxc7 10. g4 Nf4 11. exf4 Qxf4 12. h3 h5 13. g5 Bb4 14. Qd3 0-0 15. Qe3 Qd6 16. gxf6 Rxf6 17. 0-0-0 c5 18. Nb5 Qb6 19. Rg1 a6 20. Qg5 Rf7 21. Ne5 axb5 22. Nxf7 Kxf7 23. Qxg7+ Ke8 24. Qh7 c4 25. Rg8+ 1-0